000 00464nam a2200169Ia 4500
008 131103s9999 xx 000 0 und d
040 _aLoreto College
041 _aEnglish
082 _aCHBK
_b#NAME?
245 4 _aThe lady of Stavoren
_b a story from Holland
260 _aEngland
_bPuffin Books
_c1976
300 _a35p.
_b ill.
_c 20cm.
440 _aPuffin folktales of the World; No.2
650 _aCHBK - 1
850 _aLCBED/CHBK - 1/LAD
942 _cBK
999 _c31125
_d81604